Представление документа в формате MARC21

Поле Инд. ПП Название Значение
Тип записи a
Библиографический уровень m
001 _ Контрольный номер RU\infra-m\znanium\bibl\1228803
005 _ Дата корректировки 20250915104111.0
008 Кодируемые данные 210209s2020 RU g rus u
020 a ISBN 978-5-16-012070-6
020 a ISBN 978-5-16-105518-2
040 a Служба первич. каталог. Общество с ограниченной ответственностью «ЗНАНИУМ»
041 a Код языка текста rus
044 a Код страны публикации RU
080 a Индекс УДК 311(075.8)
084 2 Источник индекса rubbk
a Индекс другой классификации/Индекс ББК 60.6я73
084 2 Источник индекса okso
a Индекс другой классификации/Индекс ББК 38.03.01
084 2 Источник индекса okso
a Индекс другой классификации/Индекс ББК 38.03.02
084 2 Источник индекса okso
a Индекс другой классификации/Индекс ББК 38.03.04
084 2 Источник индекса okso
a Индекс другой классификации/Индекс ББК 38.03.03
084 2 Источник индекса okso
a Индекс другой классификации/Индекс ББК 41.03.06
084 2 Источник индекса okso
a Индекс другой классификации/Индекс ББК 38.02.04
084 2 Источник индекса okso
a Индекс другой классификации/Индекс ББК 38.02.05
084 2 Источник индекса okso
a Индекс другой классификации/Индекс ББК 40.02.01
084 2 Источник индекса okso
a Индекс другой классификации/Индекс ББК 39.02.01
084 2 Источник индекса okso
a Индекс другой классификации/Индекс ББК 31.02.03
084 2 Источник индекса okso
a Индекс другой классификации/Индекс ББК 38.02.07
084 2 Источник индекса okso
a Индекс другой классификации/Индекс ББК 38.02.01
084 2 Источник индекса okso
a Индекс другой классификации/Индекс ББК 38.02.03
100 1_ a Автор Глинский Владимир Васильевич
q Полное имя Владимир Васильевич
245 a Заглавие Статистика
b Продолж. заглавия Учебник
c Ответственность Новосибирский государственный университет экономики и управления
250 g перераб. и доп.
a Основные сведения об издании 4
260 a Место издания Москва
b Издательство ООО "Научно-издательский центр ИНФРА-М"
c Дата издания 2021
300 a Объем 355 с.
520 a Аннотация Содержание учебника разделено на три части: теория статистики и применение ее методов в конкретных исследованиях — соответственно макро- и микроэкономическая статистика.
521 a Примеч. о целев. назн. ВО - Бакалавриат
650 a Основная рубрика Демография. Статистика
x Основная подрубрика Общая теория статистики
700 1_ a Другие авторы Ионин Владимир Георгиевич
q Полное имя Владимир Георгиевич
852 x Примечание, не предназначенное для пользователя znanium2022
856 4_ a Имя сервера/домена znanium.com
m Помощь ebs_support@infra-m.ru
n Местонахождение сервера НИЦ ИНФРА-М
u URL http://znanium.com/catalog/document?id=370749
z Примечание для пользователя Участвует в КО
856 41 a Имя сервера/домена znanium.com
d Путь /cover/1228
f Электронное имя 1228803.jpg
q Тип электронного формата image/jpeg
u URL https://znanium.com/cover/1228/1228803.jpg